<?xml version="1.0" encoding="UTF-8"?>
<record
    xmlns:xsi="http://www.w3.org/2001/XMLSchema-instance"
    xsi:schemaLocation="http://www.loc.gov/MARC21/slim http://www.loc.gov/standards/marcxml/schema/MARC21slim.xsd"
    xmlns="http://www.loc.gov/MARC21/slim">

  <leader>00335nam a22001097a 4500</leader>
  <controlfield tag="008">230316b        |||||||| |||| 00| 0 eng d</controlfield>
  <datafield tag="040" ind1=" " ind2=" ">
    <subfield code="a">National Science Library</subfield>
    <subfield code="c">National Science Library</subfield>
  </datafield>
  <datafield tag="245" ind1=" " ind2=" ">
    <subfield code="a">Proceeding of the symposium on nuclear physics</subfield>
  </datafield>
  <datafield tag="260" ind1=" " ind2=" ">
    <subfield code="b">Department of Atomic Energy, </subfield>
    <subfield code="c">1990</subfield>
  </datafield>
  <datafield tag="310" ind1=" " ind2=" ">
    <subfield code="a">Quarterly</subfield>
  </datafield>
  <datafield tag="942" ind1=" " ind2=" ">
    <subfield code="c">CR</subfield>
  </datafield>
  <datafield tag="999" ind1=" " ind2=" ">
    <subfield code="c">10394</subfield>
    <subfield code="d">10394</subfield>
  </datafield>
  <datafield tag="952" ind1=" " ind2=" ">
    <subfield code="0">0</subfield>
    <subfield code="1">0</subfield>
    <subfield code="3">Vol. 31A,33A, 1988-90</subfield>
    <subfield code="4">0</subfield>
    <subfield code="7">0</subfield>
    <subfield code="9">15405</subfield>
    <subfield code="a">NSL</subfield>
    <subfield code="b">NSL</subfield>
    <subfield code="c">FF/Rk-20/C-5/R-5</subfield>
    <subfield code="d">2001-01-24</subfield>
    <subfield code="l">0</subfield>
    <subfield code="p">147965</subfield>
    <subfield code="r">2023-03-16 00:00:00</subfield>
    <subfield code="w">2023-03-16</subfield>
    <subfield code="y">CR</subfield>
  </datafield>
  <datafield tag="952" ind1=" " ind2=" ">
    <subfield code="0">0</subfield>
    <subfield code="1">0</subfield>
    <subfield code="3">Vol. 33C, 1991</subfield>
    <subfield code="4">0</subfield>
    <subfield code="7">0</subfield>
    <subfield code="9">15407</subfield>
    <subfield code="a">NSL</subfield>
    <subfield code="b">NSL</subfield>
    <subfield code="c">FF/Rk-20/C-5/R-5</subfield>
    <subfield code="d">2001-01-24</subfield>
    <subfield code="l">0</subfield>
    <subfield code="p">147964</subfield>
    <subfield code="r">2023-03-16 00:00:00</subfield>
    <subfield code="w">2023-03-16</subfield>
    <subfield code="y">CR</subfield>
  </datafield>
  <datafield tag="952" ind1=" " ind2=" ">
    <subfield code="0">0</subfield>
    <subfield code="1">0</subfield>
    <subfield code="3">Vol. 34C, 1991</subfield>
    <subfield code="4">0</subfield>
    <subfield code="7">0</subfield>
    <subfield code="9">15409</subfield>
    <subfield code="a">NSL</subfield>
    <subfield code="b">NSL</subfield>
    <subfield code="c">FF/Rk-20/C-5/R-5</subfield>
    <subfield code="d">2001-01-24</subfield>
    <subfield code="l">0</subfield>
    <subfield code="p">147963</subfield>
    <subfield code="r">2023-03-16 00:00:00</subfield>
    <subfield code="w">2023-03-16</subfield>
    <subfield code="y">CR</subfield>
  </datafield>
  <datafield tag="952" ind1=" " ind2=" ">
    <subfield code="0">0</subfield>
    <subfield code="1">0</subfield>
    <subfield code="3">Vol. 35C, 1993</subfield>
    <subfield code="4">0</subfield>
    <subfield code="7">0</subfield>
    <subfield code="9">15410</subfield>
    <subfield code="a">NSL</subfield>
    <subfield code="b">NSL</subfield>
    <subfield code="c">FF/Rk-20/C-5/R-5</subfield>
    <subfield code="d">2001-01-24</subfield>
    <subfield code="l">0</subfield>
    <subfield code="p">147962</subfield>
    <subfield code="r">2023-03-16 00:00:00</subfield>
    <subfield code="w">2023-03-16</subfield>
    <subfield code="y">CR</subfield>
  </datafield>
</record>
